Las noches lúgubres
Shranjeno v:
| Glavni avtor: | |
|---|---|
| Format: | Knjiga |
| Jezik: | španščina |
| Izdano: |
Madrid
Jucar
1973
|
| Serija: | Biblioteca Jucar
|
| Teme: | |
| Oznake: |
Označite
Brez oznak, prvi označite!
|
MARC
| LEADER | 00000nam a2200000 a 4500 | ||
|---|---|---|---|
| 001 | UCQ5599 | ||
| 003 | CL-VaPUC | ||
| 008 | 981002e19730000SP |||||||||||||||||spa|d | ||
| 082 | 0 | 4 | |a 863 |b SAS |2 21 |
| 100 | 0 | |a Sastre, Alfonso |e author |9 326776 | |
| 245 | 1 | 4 | |a Las noches lúgubres |
| 300 | |a 289 p | ||
| 942 | |c BK | ||
| 945 | |d 19981002 00:00:00 |a crobeson | ||
| 260 | |a Madrid |b Jucar |c 1973 | ||
| 650 | 0 | |a Novelas españolas |9 265052 | |
| 650 | 0 | |a Literatura española |9 306261 | |
| 583 | |a last modification |c 19981002 00:00:00 |k Rodrigo Vera | ||
| 490 | 0 | |a Biblioteca Jucar | |
| 999 | |c 275804 |d 275802 | ||
| 952 | |0 0 |1 0 |4 0 |6 863_000000000000000_SAS_1973 |7 0 |8 A |9 312637 |a BIBEDU |b BIBEDU |d 2019-11-20 |i 1473948 |o 863 SAS 1973 |p 1473948 |r 2019-11-20 |w 2019-11-20 |y BK |k LIT | ||